| 000 | 00619nam a2200229Ia 4500 | ||
|---|---|---|---|
| 005 | 20260429112256.0 | ||
| 008 | 260429s9999||||xx |||||||||||||| ||und|| | ||
| 020 | _a9780367482527 | ||
| 041 | _aEnglish | ||
| 082 |
_a304.2072 _bLOV |
||
| 100 | _aLovell, Sarah A. | ||
| 245 | 0 |
_aRoutledge handbook of methodologies in human geography / _cSarah A. Lovell |
|
| 250 | _a1st ed. | ||
| 260 |
_aLondon : _bRoutledge, _c2023. |
||
| 300 | _axxiii, 425 p.; hb | ||
| 650 | _a Human | ||
| 650 | _a Methodologies | ||
| 650 | _aGeography | ||
| 700 | _a Coen, Stephanie E. | ||
| 700 | _a Rosenberg, Mark W. | ||
| 942 | _cTB | ||
| 999 |
_c53255 _d53255 |
||